[Event "EU-ch (Men) 11th"]
[Site "Rijeka"]
[Date "2010.03.08"]
[Round "3.194"]
[White "Faika, Michael"]
[Black "Rafaelic, Denis"]
[Result "1-0"]
[WhiteElo "2114"]
[BlackElo "1714"]
[PlyCount "97"]
[EventDate "2010.03.06"]
[EventType "swiss"]
[EventRounds "11"]
[EventCountry "CRO"]
[SourceDate "2010.03.06"]

1. e4 c5 2. Nf3 d6 3. c3 Nf6 4. Be2 Nc6 5. d4 e6 6. Bg5 Be7 7. Nbd2 O-O 8. Qc2
Bd7 9. e5 dxe5 10. dxe5 Nd5 11. h4 f6 12. exf6 Bxf6 13. Ne4 Qe7 14. a3 a5 15.
c4 Nc7 16. O-O-O e5 17. Bxf6 gxf6 18. Nxc5 Be8 19. Ne4 Ne6 20. Ng3 Bg6 21. Nf5
Qc5 22. h5 Ncd4 23. Rxd4 Nxd4 24. N3xd4 exd4 25. hxg6 hxg6 26. Nh4 Qg5+ 27. f4
Qg3 28. Qxg6+ Qxg6 29. Nxg6 Rfe8 30. Bf3 Kg7 31. f5 Rac8 32. Bd5 b5 33. b3 bxc4
34. bxc4 Rb8 35. Nf4 Kf8 36. Rh7 Re1+ 37. Kd2 Rbb1 38. Bf3 Re3 39. Ne6+ Kg8 40.
Rd7 Rb2+ 41. Kc1 Ra2 42. Rxd4 Rc3+ 43. Kd1 Rb3 44. Ke1 Re3+ 45. Kf1 Raxa3 46.
c5 Rec3 47. c6 Kf7 48. Rd7+ Ke8 49. Bh5# 1-0

[Event "EU-ch (Men) 11th"]
[Site "Rijeka"]
[Date "2010.03.08"]
[Round "3.195"]
[White "Krauss, Josef"]
[Black "Dujic, Davor"]
[Result "1-0"]
[WhiteElo "2102"]
[BlackElo "1606"]
[PlyCount "120"]
[EventDate "2010.03.06"]
[EventType "swiss"]
[EventRounds "11"]
[EventCountry "CRO"]
[SourceDate "2010.03.06"]

1. e4 c6 2. Nf3 d5 3. Nc3 Bg4 4. h3 Bh5 5. exd5 cxd5 6. Bb5+ Nc6 7. g4 Bg6 8.
Ne5 Rc8 9. d4 a6 10. Nxc6 bxc6 11. Bxa6 Rb8 12. Rb1 e6 13. Bf4 Rb6 14. Bd3 Bd6
15. Qd2 Nf6 16. O-O Qb8 17. Bxd6 Qxd6 18. Qe3 O-O 19. Bxg6 hxg6 20. Na4 Ra6 21.
b3 Re8 22. Qe5 Qxe5 23. dxe5 Nd7 24. Rfe1 Nb6 25. Nxb6 Rxb6 26. c3 Reb8 27.
Rbd1 c5 28. Rd2 Kf8 29. f4 Ke7 30. Red1 Ra8 31. Rf1 Rba6 32. Rff2 Rb6 33. Kf1
Rh8 34. Rf3 Rd8 35. Ke2 Ra6 36. Rf2 Rh8 37. Rh2 Rb6 38. Rc2 Rd8 39. Rd2 Rh8 40.
Kd1 Ra8 41. Rb2 Rab8 42. Kc1 R6b7 43. Kc2 Rb6 44. Kd3 R6b7 45. Rhf2 Rh8 46. Rh2
Rhb8 47. Rbf2 Rf8 48. c4 d4 49. Ke4 Rh8 50. Rf3 Rbb8 51. h4 Ra8 52. f5 gxf5+
53. gxf5 Rh5 54. f6+ gxf6 55. exf6+ Kd7 56. Rg3 Rah8 57. Rg4 Kd6 58. Rh3 R8h6
59. b4 cxb4 60. Kxd4 Rxf6 1-0

[Event "EU-ch (Men) 11th"]
[Site "Rijeka"]
[Date "2010.03.08"]
[Round "3.196"]
[White "Dubrovic, Gabriel"]
[Black "Burstein, Almog"]
[Result "0-1"]
[WhiteElo "1687"]
[BlackElo "2100"]
[PlyCount "209"]
[EventDate "2010.03.06"]
[EventType "swiss"]
[EventRounds "11"]
[EventCountry "CRO"]
[SourceDate "2010.03.06"]

1. e3 Nf6 2. c4 e6 3. Nc3 d5 4. Nf3 Be7 5. Be2 O-O 6. O-O Nbd7 7. d4 dxc4 8.
Bxc4 Nb6 9. Be2 Nbd5 10. a3 b6 11. Qc2 Bb7 12. b4 a5 13. b5 Nxc3 14. Qxc3 Ne4
15. Qc2 Bd6 16. Bd3 f5 17. Bb2 Qe8 18. Ne5 Qh5 19. f3 Ng5 20. f4 Ne4 21. Qe2
Qh4 22. Nf3 Qh6 23. Bxe4 Bxe4 24. Nd2 Bd5 25. Nf3 Qh5 26. Rf2 Rf6 27. Ne5 Qh4
28. Nf3 Qh6 29. Rc1 Rg6 30. Ne5 Rf6 31. Nf3 Rc8 32. Rc3 Rg6 33. Ne5 Bxe5 34.
dxe5 Qh4 35. g3 Rxg3+ 36. Kf1 Qh3+ 37. Ke1 Rg1+ 38. Kd2 Be4 39. Rc1 Rd8+ 40.
Bd4 Rxc1 41. Kxc1 Qh4 42. Kb2 Rd5 43. Rf1 Qe7 44. Qc4 Kf7 45. Rg1 Rd8 46. Rc1
Rd7 47. Rd1 Qd8 48. Rg1 Rd5 49. Rc1 Rd7 50. Rg1 Qh4 51. Qe2 g6 52. Rc1 Ke8 53.
Rd1 Qe7 54. Rg1 Rd5 55. Rc1 Qd7 56. a4 Qe7 57. Qd2 Rd7 58. Qe1 Kd8 59. Qc3 Qh4
60. Qd2 Kc8 61. Qe2 Kb7 62. Rc4 Qe7 63. Qe1 Bd5 64. Rc1 c5 65. bxc6+ Bxc6 66.
Qc3 Rc7 67. Qb3 Qb4 68. Qxb4 axb4 69. Rc4 Bxa4 70. Rxb4 b5 71. Bc3 Rc4 72. Rxc4
bxc4 73. Bb4 Kc6 74. Kc3 Kd5 75. h4 Bb3 76. Kd2 Ke4 77. Bc5 Kf3 78. Kc3 Kg4 79.
Be7 Kf3 80. Bc5 Ke4 81. Kd2 Ba4 82. Kc3 Bb5 83. Bb6 h6 84. Bd4 Ba6 85. Kd2 Kf3
86. Bc5 Kg4 87. Be7 Bb7 88. Bd8 Kf3 89. Bb6 Ke4 90. Bd4 Bc6 91. Kc3 Bb5 92. Kd2
Kf3 93. Bb6 Be8 94. Kc3 Ke4 95. Bd4 Kd5 96. Kb4 g5 97. hxg5 hxg5 98. fxg5 f4
99. Kc3 f3 100. Kd2 Ke4 101. Ke1 Kf5 102. Kf2 Bc6 103. Kg3 Kxg5 104. Kf2 Kf5
105. e4+ 0-1

[Event "EU-ch (Men) 11th"]
[Site "Rijeka"]
[Date "2010.03.08"]
[Round "3.197"]
[White "Reinwald, Patrick"]
[Black "Dubrovic, Rafael"]
[Result "1-0"]
[WhiteElo "2096"]
[BlackElo "1577"]
[PlyCount "70"]
[EventDate "2010.03.06"]
[EventType "swiss"]
[EventRounds "11"]
[EventCountry "CRO"]
[SourceDate "2010.03.06"]

1. e4 d5 2. exd5 Qxd5 3. Nc3 Qd6 4. d4 Nf6 5. Nf3 a6 6. Bc4 Bg4 7. h3 Bh5 8.
Be3 Nbd7 9. Qe2 e6 10. g4 Bg6 11. O-O-O O-O-O 12. d5 exd5 13. Nxd5 Qc6 14. Nd4
Qa4 15. Bb3 Qa5 16. Bd2 Qc5 17. Bb4 Qa7 18. Bxf8 Rhxf8 19. Ne7+ Kb8 20. Nec6+
bxc6 21. Nxc6+ Ka8 22. Nxa7 Kxa7 23. Qe3+ Nb6 24. Rxd8 Rxd8 25. a4 Kb7 26. a5
Nbd5 27. Bxd5+ Rxd5 28. f4 Be4 29. Rd1 Rxa5 30. g5 Bxc2 31. Kxc2 Nd5 32. Qe4
Rc5+ 33. Kb1 c6 34. Qxh7 Ra5 35. Qxg7 Kb6 1-0

[Event "EU-ch (Men) 11th"]
[Site "Rijeka"]
[Date "2010.03.08"]
[Round "3.199"]
[White "Tomulic, Teo"]
[Black "Bozinovic, Boban"]
[Result "0-1"]
[WhiteElo "1598"]
[BlackElo "2086"]
[PlyCount "48"]
[EventDate "2010.03.06"]
[EventType "swiss"]
[EventRounds "11"]
[EventCountry "CRO"]
[SourceDate "2010.03.06"]

1. e4 c5 2. Nf3 e6 3. d4 cxd4 4. Nxd4 Nc6 5. Be2 Qc7 6. O-O a6 7. Kh1 Nf6 8. f3
Bd6 9. Nxc6 dxc6 10. g3 h5 11. Bg5 h4 12. gxh4 Bxh2 13. f4 Nxe4 14. Kxh2 Nxg5
15. Qd4 Rxh4+ 16. Kg2 e5 17. Qe3 Bh3+ 18. Kg3 Bxf1 19. Kxh4 Bxe2 20. Qxe2 Ne6
21. fxe5 O-O-O 22. Nc3 Qe7+ 23. Kg3 Qg5+ 24. Kf2 Rd2 0-1

[Event "EU-ch (Men) 11th"]
[Site "Rijeka"]
[Date "2010.03.08"]
[Round "3.201"]
[White "Tica, Sven"]
[Black "Piro, Valerio"]
[Result "1/2-1/2"]
[WhiteElo "1562"]
[BlackElo "2069"]
[PlyCount "47"]
[EventDate "2010.03.06"]
[EventType "swiss"]
[EventRounds "11"]
[EventCountry "CRO"]
[SourceDate "2010.03.06"]

1. c4 c6 2. Nc3 d5 3. e3 Nf6 4. Nf3 e6 5. d4 Nbd7 6. Qc2 Bd6 7. b3 O-O 8. Bd3
h6 9. Bb2 dxc4 10. bxc4 e5 11. O-O Re8 12. Rad1 Qe7 13. Nd2 Nf8 14. Nde4 Bc7
15. h3 Bd7 16. Qb3 Rab8 17. Ba3 Qd8 18. Nxf6+ Qxf6 19. Ne4 Qd8 20. d5 cxd5 21.
cxd5 Bf5 22. Nc5 Bxd3 23. Qxd3 Bd6 24. Ne4 1/2-1/2